[Event "23rd Int. Tournament "]
[Site "?"]
[Date "2015.09.04"]
[Round "9.20"]
[White "Spyropoulos, Nikolaos"]
[Black "Bouboulis, Spyridon-Odysseys"]
[Result "1/2-1/2"]
[WhiteElo "1993"]
[BlackElo "1881"]
[PlyCount "81"]
[EventDate "2015.08.27"]

1. e4 c5 2. Nf3 e6 3. d4 cxd4 4. Nxd4 a6 5. Bd3 Bc5 6. Nb3 Be7 7. O-O d6 8. c4
Qc7 9. Nc3 Nf6 10. Be3 b6 11. Qe2 O-O 12. f3 Nbd7 13. Rac1 Bb7 14. Rfd1 Rac8
15. Nd4 Rfe8 16. Qf2 Qb8 17. b3 Bd8 18. g4 Ne5 19. Be2 Nfd7 20. f4 Nc6 21. g5
Nxd4 22. Bxd4 e5 23. Be3 exf4 24. Qxf4 Nc5 25. Rf1 Qc7 26. Nd5 Bxd5 27. exd5
Re4 28. Qg3 Qe7 29. Rf3 Nd7 30. Bd3 Re5 31. Bf4 Rxg5 32. Bxg5 Qxg5 33. Qxg5
Bxg5 34. Re1 Ne5 35. Rh3 h6 36. Bf5 Re8 37. Kf1 g6 38. Bc2 Rc8 39. Bd3 Kg7 40.
Re2 f5 41. a4 1/2-1/2

[Event "23rd Int. Tournament "]
[Site "?"]
[Date "2015.09.04"]
[Round "9.1"]
[White "Katsiampas, Efthymios"]
[Black "Dermatas, Marios"]
[Result "0-1"]
[WhiteElo "1586"]
[BlackElo "1301"]
[PlyCount "64"]
[EventDate "2015.08.27"]

1. e4 c5 2. Nf3 Nc6 3. Nc3 Nf6 4. Bb5 Nd4 5. e5 Nxb5 6. Nxb5 Nd5 7. Ng5 f6 8.
Ne4 a6 9. exf6 Nxf6 10. Nxf6+ exf6 11. Qe2+ Kf7 12. Qh5+ g6 13. Qd5+ Kg7 14.
Nc3 Qe7+ 15. Ne2 Qf7 16. Qf3 d5 17. d3 Bd6 18. Bd2 Re8 19. O-O-O h5 20. h3 b5
21. g4 Bb7 22. d4 h4 23. Rhg1 Re4 24. Nf4 Bxf4 25. Bxf4 cxd4 26. g5 fxg5 27.
Be5+ Rxe5 28. Qd3 Qf5 29. Qa3 Re2 30. Qb3 Rc8 31. c3 dxc3 32. bxc3 b4 0-1

[Event "23rd Int. Tournament "]
[Site "?"]
[Date "2015.09.04"]
[Round "9.2"]
[White "Bastianou, Chrysoula"]
[Black "Agriopoulos, Konstantinos"]
[Result "1/2-1/2"]
[WhiteElo "1430"]
[BlackElo "1693"]
[PlyCount "69"]
[EventDate "2015.08.27"]

1. d4 f5 2. c4 Nf6 3. Nc3 e6 4. g3 c6 5. Bg2 d5 6. c5 b6 7. cxb6 Qxb6 8. Nf3
Ne4 9. O-O Bb4 10. Na4 Qc7 11. a3 Bd6 12. e3 g5 13. Nc3 Qg7 14. Nxe4 fxe4 15.
Nd2 g4 16. Bxe4 dxe4 17. Nxe4 Bc7 18. Qxg4 Qxg4 19. Nf6+ Ke7 20. Nxg4 h5 21.
Ne5 Bxe5 22. dxe5 Nd7 23. f4 Nc5 24. b4 Ne4 25. Bb2 Bb7 26. Rac1 Rhd8 27. Bd4
Rd5 28. Rfd1 Rad8 29. a4 a6 30. Kf1 R8d7 31. Ke2 Ke8 32. Rc4 Kf7 33. Rcc1 Ke8
34. Rc4 Rf7 35. Rcc1 1/2-1/2

[Event "23rd Int. Tournament "]
[Site "?"]
[Date "2015.09.04"]
[Round "9.3"]
[White "Stamatis, Ioannis"]
[Black "Pogiatzis, Grigorios"]
[Result "1-0"]
[WhiteElo "1497"]
[BlackElo "1471"]
[PlyCount "91"]
[EventDate "2015.08.27"]

1. e4 c6 2. d4 d5 3. Nc3 dxe4 4. Nxe4 Bf5 5. Ng3 Bg6 6. Nf3 Nd7 7. Bd3 Bxd3 8.
Qxd3 e6 9. Bf4 Ngf6 10. O-O Be7 11. c4 O-O 12. Rfd1 Qb6 13. Qe2 Rfe8 14. Qc2
Rad8 15. Rac1 Nf8 16. h3 Ng6 17. Be3 Qa5 18. a3 Bd6 19. Ne4 Nxe4 20. Qxe4 Bb8
21. Bd2 Qc7 22. g3 Qd7 23. Qe2 e5 24. dxe5 Qxh3 25. Bc3 Rxd1+ 26. Rxd1 h6 27.
Qd3 b6 28. b4 Kf8 29. a4 Qh5 30. c5 Qg4 31. Nh2 Qe6 32. Nf3 Qb3 33. e6 Qxe6 34.
cxb6 axb6 35. Re1 Qc8 36. Qd4 Rxe1+ 37. Nxe1 Be5 38. Qxb6 Bxc3 39. Qc5+ Ne7 40.
Qxc3 Nd5 41. Qc5+ Ke8 42. b5 Kd7 43. Nf3 f6 44. Nd4 Ne7 45. bxc6+ Nxc6 46. Qd5+
1-0

[Event "23rd Int. Tournament "]
[Site "?"]
[Date "2015.09.04"]
[Round "9.4"]
[White "Bakis, Apollon Fivos"]
[Black "Psofimi, Milia"]
[Result "0-1"]
[WhiteElo "1253"]
[BlackElo "1405"]
[PlyCount "28"]
[EventDate "2015.08.27"]

1. d4 Nf6 2. Nf3 e6 3. Bf4 d5 4. e3 Nbd7 5. Bd3 Be7 6. Nbd2 c5 7. c3 O-O 8. Qe2
Qb6 9. Rb1 Qa5 10. dxc5 Nxc5 11. O-O Qxa2 12. Ra1 Qxb2 13. Rfb1 Qxc3 14. Bxh7+
Nxh7 0-1

[Event "23rd Int. Tournament "]
[Site "?"]
[Date "2015.09.04"]
[Round "9.5"]
[White "Papakonstantinou, Georgios"]
[Black "Vourlis-Kolettis, Ahilleas"]
[Result "1/2-1/2"]
[WhiteElo "1354"]
[BlackElo "1273"]
[PlyCount "75"]
[EventDate "2015.08.27"]

1. e4 d5 2. exd5 Qxd5 3. Nf3 Nf6 4. d4 Bg4 5. Be2 e6 6. c4 Qd8 7. a3 Be7 8. Nc3
O-O 9. O-O c6 10. Be3 Qc7 11. Qc2 Bd6 12. h3 Bf5 13. Qd2 Rd8 14. Nh4 Bg6 15.
Nxg6 hxg6 16. Bg5 Be7 17. Bf4 Bd6 18. Bxd6 Qxd6 19. Rad1 Kh7 20. Bf3 Nbd7 21.
Ne2 Rab8 22. b4 e5 23. Qc2 Qe7 24. Rfe1 Re8 25. Ng3 Qf8 26. Nh5 Nxh5 27. Bxh5
e4 28. Be2 Nf6 29. c5 Nd5 30. Bc4 f5 31. Qb3 Rbd8 32. Rd2 Qf6 33. Bxd5 Rxd5 34.
Qe3 Red8 35. Red1 Re8 36. g3 Red8 37. h4 Kg8 38. Kg2 1/2-1/2